| 000 | 00659nam a2200229Ia 4500 | ||
|---|---|---|---|
| 005 | 20231110113053.0 | ||
| 008 | 131103s9999 xx 000 0 und d | ||
| 020 |
_a719068086 _cRs.3352.00 |
||
| 040 | _aLoreto College | ||
| 041 | _aEnglish | ||
| 082 |
_a324.273 _bENG |
||
| 100 | _aEnglish Ross M. | ||
| 245 | 4 |
_aThe united states congress _cRoss M.English |
|
| 260 |
_aManchester _bManchester university press _c2003 |
||
| 300 | _a175p. | ||
| 504 | _aIncludes bibliographical references and index | ||
| 630 | _aLegislature | ||
| 650 | _aUnited States-Constitution | ||
| 651 | _aLegislatures of the United States | ||
| 850 | _aLCLIB | ||
| 942 | _cBK | ||
| 999 |
_c36682 _d87161 |
||